Optimalizácia projektového návrhu a regulácie čerpacej stanice : Výskumná úloha P-14-124-12-00-03/3
Guardado en:
| Autores principales: | , , , , , , , |
|---|---|
| Formato: | Libro |
| Publicado: |
Bratislava :
SVŠT v Bratislave EF,
1971
|
| Etiquetas: |
Sin Etiquetas, Sea el primero en etiquetar este registro!
|
MARC
| LEADER | 00000nam a22000003a 4500 | ||
|---|---|---|---|
| 001 | stu234999 | ||
| 005 | 20150617230133.4 | ||
| 008 | 110928s1971----------------------------d | ||
| 040 | |a STU |b slo | ||
| 041 | 0 | ||
| 100 | 1 | |a Paciga, Alexander |4 aut | |
| 245 | 1 | |a Optimalizácia projektového návrhu a regulácie čerpacej stanice : |b Výskumná úloha P-14-124-12-00-03/3 | |
| 260 | |a Bratislava : |b SVŠT v Bratislave EF, |c 1971 | ||
| 300 | |a 110 s | ||
| 700 | 1 | |a Strýček, Oldřich |4 aut |u J170 |U SjF Ústav chemických a hydraulických strojov a zariadení |T SjF Katedra hydraulických strojov |U J170 |Y 42 | |
| 700 | 1 | |a Gančo, Martin, |d 1936- |4 aut |u J170 |U SjF Ústav chemických a hydraulických strojov a zariadení |T SjF Katedra hydraulických strojov |X 2453 |U J170 |Y 42 |7 A000002453 | |
| 700 | 1 | |a Varchola, Michal, |d 1946- |4 aut |u J170 |U SjF Ústav chemických a hydraulických strojov a zariadení |T SjF Katedra hydraulických strojov |X 2468 |U J170 |Y 42 |7 A000002468 | |
| 700 | 1 | |a Kotúč, J. |4 aut | |
| 700 | 1 | |a Minárová, Jana, |d 1945- |4 aut |u E220 |U FEI Fakulta elektrotechniky a informatiky |T FEI Katedra informatiky a výpočtovej techniky |X 2549 |U E220 |Y 69 |7 A000002549 | |
| 700 | 1 | |a Alakšová, Mária |4 aut | |
| 700 | 1 | |a Závodský, Tibor |4 aut | |
| 996 | |b EVYSK-S-122 |c E*VYSK-S-122 |l E |s P |a 0 |w stu234999_0001 | ||